Knowledge management in knowledge service networks

Zložitosť znalostných služieb v podnikaní si vyžaduje zapojenie rôznych kompetencií. Z tohto dôvodu ponúka mnoho služieb v dnešnej dobe komplexné znalostné služby vysokej kvality za prijateľné ceny.

Gespeichert in:
Bibliographische Detailangaben
1. Verfasser: Lesáková, Dagmar, 1949-
Format: Buchkapitel
Sprache:Englisch
Schlagworte:
Tags: Tag hinzufügen
Keine Tags, Fügen Sie das erste Tag hinzu!

MARC

LEADER 00000nla a2200000 4500
001 0186539
005 20240502083439.3
041 0 |a eng 
044 |a HR 
245 1 0 |a Knowledge management in knowledge service networks  |c Dagmar Lesáková 
520 |a Zložitosť znalostných služieb v podnikaní si vyžaduje zapojenie rôznych kompetencií. Z tohto dôvodu ponúka mnoho služieb v dnešnej dobe komplexné znalostné služby vysokej kvality za prijateľné ceny. 
610 2 0 |a obchod 
610 2 0 |a služby 
610 2 0 |a kvalita služieb 
610 2 0 |a ponuka 
610 2 0 |a ceny 
610 2 0 |a marketing služieb 
610 2 0 |a sektor terciárny 
610 2 0 |a služby znalostné 
100 1 |a Lesáková, Dagmar, 1949-